| 000 | 00496cam a22001097a 4500 | ||
|---|---|---|---|
| 008 | 180718b1965 xxu||||| |||| 00| 0 eng d | ||
| 082 | _aI5513x54 In2I | ||
| 245 |
_aCumulative subject index of "sample surveys of current interest in India", volume I to XIII, July 1965 _cby Statistics and Surveys Division, Planning Commission |
||
| 260 |
_aNew Delhi _bStatistics and Surveys Division, Planning Division _c1965 |
||
| 300 | _a82p. | ||
| 700 | _aIndia. Planning Commission. Statistics and Surveys Division | ||
| 999 |
_c488410 _d488410 |
||